Statistics for First Ladies

Click here to take the quiz!

General Stats

  • This quiz has been taken 38,737 times
    (22,279 since last reset)
  • The average score is 22 of 45

Answer Stats

President First Lady % Correct
Barack ObamaMichelle Obama
98%
Bill ClintonHillary Rodham Clinton
95%
Donald TrumpMelanija "Melania" Trump
88%
Ronald ReaganNancy Reagan
84%
John KennedyJacqueline Kennedy
83%
George H.W. BushBarbara Bush
81%
Franklin RooseveltAnna Eleanor Roosevelt
80%
Jimmy CarterEleanor Rosalynn Carter
77%
Abraham LincolnMary Todd Lincoln
76%
Gerald FordElizabeth "Betty" Ford
71%
Thomas Jefferson
(daughter)
Martha Jefferson
Randolph
71%
George WashingtonMartha Washington
71%
George W. BushLaura Bush
70%
Harry TrumanElizabeth "Bess" Truman
60%
Lyndon JohnsonClaudia "Lady Bird" Johnson
58%
Andrew JohnsonEliza McCardle Johnson
58%
Richard NixonThelma "Pat" Nixon
53%
James MonroeElizabeth Monroe
50%
Millard FillmoreAbigail Fillmore
49%
John AdamsAbigail Adams
49%
James K. PolkSarah Polk
45%
Franklin PierceJane Pierce
45%
William Henry HarrisonAnna Harrison
42%
Dwight EisenhowerMamie Eisenhower
41%
Zachary TaylorMargaret Taylor
39%
James MadisonDolley Madison
39%
William TaftHelen Herron Taft
33%
Herbert HooverLou Henry Hoover
32%
John Tyler (1)Julia Tyler
30%
Ulysses S. GrantJulia Grant
30%
Grover ClevelandFrances Cleveland
28%
Theodore RooseveltEdith Roosevelt
28%
Calvin CoolidgeGrace Coolidge
28%
Rutherford B. HayesLucy Hayes
28%
Woodrow Wilson (2)Edith Wilson
28%
Benjamin HarrisonCaroline Harrison
27%
Woodrow Wilson (1)Ellen Wilson
26%
Andrew Jackson (niece)Emily Donelson
26%
James Buchanan (niece)Harriet Lane
25%
Warren HardingFlorence Harding
23%
John Quincy AdamsLouisa Adams
22%
William McKinleyIda McKinley
21%
John Tyler (2)Letitia Tyler
18%
James GarfieldLucretia Garfield
18%
Martin Van Buren
(daughter-in-law)
Angelica Singleton
15%

Score Distribution

Percentile by Number Answered

Percent of People with Each Score

Your Score History

You have not taken this quiz since the last reset